A-Z Images Ending in 'H' Quiz Stats

 Plays Quiz Updated Dec 11, 2018

Score 0/25 Timer 05:00
2 Plays Today
Hint Answer % Correct
EEarth
97.7%
Ppeach
96.4%
Jjellyfish
95.5%
Oostrich
95.5%
Hhopscotch
93.5%
UUtah
93%
Rradish
92.6%
Mmammoth
92.1%
Ttorch
91.5%
Iinch
90.4%
FFlash
89.1%
Ddanish
88.6%
Cconch
84.8%
Hint Answer % Correct
Ggrouch
84.7%
Vvarnish
84%
Aautograph
80.3%
Bbrooch
76.5%
Lleech
75.3%
ZZach (Galifianakis)
74.5%
Ssmooch
69.6%
YYiddish
68.9%
Wwinch
56.9%
NNoah (Wyle)
44.5%
Kknish
26.3%
Qquadrillionth
24.7%

You're not logged in!

Compare scores with friends on all Sporcle quizzes.
OR
Log In

You Might Also Like...

Show Comments

Extras

Top Quizzes Today


Score Distribution

Your Account Isn't Verified!

In order to create a playlist on Sporcle, you need to verify the email address you used during registration. Go to your Sporcle Settings to finish the process.

Report this User

Report this user for behavior that violates our Community Guidelines.

Details: